3/4 Chemical Elements starting with M-S - Statistics

General Stats
  • This quiz has been taken 86 times
  • The average score is 23 of 40
Answer Stats
Answer % Correct
M Magnesium
90%
Oxygen
90%
Manganese
85%
Nitrogen
85%
Phosphorus
83%
Nickel
81%
Radon
79%
Sulfur
79%
Plutonium
73%
R Radium
71%
Silicon
71%
Sodium
71%
Neon
69%
Platinum
69%
Selenium
69%
Rutherfordium
65%
O Osmium
60%
P Palladium
60%
Polonium
60%
Mendelevium
58%
Strontium
58%
Potassium
54%
Rubidium
54%
Silver
54%
Mercury
52%
Niobium
52%
Rhodium
52%
Rhenium
50%
Scandium
50%
Nobelium
48%
Ruthenium
48%
Neptunium
44%
Meitnerium
42%
Promethium
40%
Seaborgium
40%
Protactinium
38%
S Samarium
35%
N Neodymium
33%
Praseodymium
33%
Molybdenem
2%
No matching quizzes found
Score Distribution
Percent of People with Each Score
Percentile by Number Answered
Your Score History
You have not taken this quiz